Towns beginning with W: guess the country - Statistics

General Stats
  • This quiz has been taken 19 times
  • The average score is 12 of 20
Answer Stats
Question Answer % Correct
Wuxi China
89%
Windhoek Namibia
89%
Wiesbaden Germany
84%
Wa Ghana
84%
Waregem Belgium
79%
Wewak Papua New Guinea
79%
Welkom South Africa
79%
Wad Medani Sudan
74%
Wellingborough UK
74%
Wobulenzi Uganda
63%
Wageningen Suriname
58%
Waukesha USA
53%
Wangdue Phodrang Bhutan
47%
Willikies Antigua and Barbuda
37%
Wedauberek East Timor
37%
Wiwilí de Nueva Segovia Nicaragua
37%
Wah Cantonment Pakistan
32%
Wanyjok South Sudan
32%
Waboe Nauru
26%
Waling Nepal
26%
No matching quizzes found
Score Distribution
Percent of People with Each Score
Percentile by Number Answered
Your Score History
You have not taken this quiz